000 00570nam a2200181Ia 4500
008 100921s9999 xx 000 0 und d
082 _b16920
_a891.463 थ 79
100 _aभागवत शशी.
245 _aमर्मभेद.
260 _bमॅजेस्टीक बुक स्टॉल,मुंबई.
_c1979
300 _a261
_b---
365 _b45
520 _aललित-कादंबरी.
630 _aमर्मभेद.
650 _aललित-कादंबरी.
730 _aमर्मभेद.
942 _cBOOK
999 _c766033
_d766030